000 00210 a2200097 4500
020 _a9780064402750
041 _aeng
100 _aBarbara Robinson
245 _aBest the Worst Christmas Pageant Ever
942 _cK
999 _c26223
_d26223